| 000 | 00694nam a2200253Ia 4500 | ||
|---|---|---|---|
| 003 | OSt | ||
| 005 | 20221005101759.0 | ||
| 006 | a|||||r|||| 00| 0 | ||
| 007 | ta | ||
| 008 | 221004b |||||||| |||| 00| 0 eng d | ||
| 024 | _a28261 | ||
| 037 | _cTextual | ||
| 040 |
_aCRL _cCRL _beng |
||
| 041 |
_2eng _aeng |
||
| 082 | _a12,3152,N79, L9.1 | ||
| 100 | _aGupta R D Ed | ||
| 245 | 0 | _aCatalogue of Hindi manuscripts ( part-1) | |
| 260 |
_aUP _bVrindaban Research Institute _c1979 |
||
| 300 |
_a287p. _ccm. |
||
| 650 | _aBIBLIOGRAPHY | ||
| 700 |
_a Gupta M L _9520949 |
||
| 942 |
_h12,3152,N79, L9.1 _cTEXL _2cc |
||
| 999 |
_c1007356 _d1007356 |
||